Normal view
MARC view
Entry Personal Name
001 - CONTROL NUMBER
- control field: 161151
003 - CONTROL NUMBER IDENTIFIER
- control field: OSt
005 - DATE AND TIME OF LATEST TRANSACTION
- control field: 20220923211632.0
008 - FIXED-LENGTH DATA ELEMENTS
- fixed length control field: 220923|| aca||aabn | a|a d
040 ## - CATALOGING SOURCE
- Original cataloging agency: OSt
- Transcribing agency: OSt
100 ## - HEADING--PERSONAL NAME
- Personal name: सुरेश्वराचार्य
670 ## - SOURCE DATA FOUND
- Source citation: Work cat.: (OSt)301834: सुरेश्वराचार्य, तैत्तिरीयोपनिषद्धाष्यवार्तिक, राधेश्याम शास्त्री सम्पा, 1978
